Report.

Saved in:
Bibliographic Details
Corporate Author: New South Wales. Dept. of Education. Working Party on Inspection and Advisory Services
Other Authors: Graham , James Douglas, 1938-
Format: Book
Language:English
Published: New South Wales : V.C.N. Blight, Govt. Printer , 1971.
Subjects:
LEADER 00941nam a2200241 i 4500
001 c000033672
003 CARM
005 00000000000000.0
008 s1971 xna 00000 eng d
019 1 |a 9923075  |5 LACONCORD2021 
035 |a (OCoLC)221463667  |5 LACONCORD2021 
042 |a anuc 
110 1 0 |a New South Wales.  |b Dept. of Education.  |b Working Party on Inspection and Advisory Services. 
245 1 0 |a Report. 
260 |a New South Wales :  |b V.C.N. Blight, Govt. Printer ,  |c 1971. 
300 |a 45 p. 
500 |a Cover title. 
500 |a Chairman for the Committee: J.D. Graham. 
650 0 |a School management and organization  |z New South Wales. 
700 2 0 |a Graham , James Douglas,  |d 1938-. 
852 8 |b CARM  |h A2:AD28B0  |i B00607  |p 0027434  |f BK 
999 f f |i 0cb1d54a-70ef-5b53-966c-1b83b50ffb67  |s 9db5c42f-fe49-5133-ad3a-2c1e057c1055 
952 f f |p Can circulate  |a CAVAL  |b CAVAL  |c CAVAL  |d CARM 1 Store  |e B00607  |f A2:AD28B0  |h Other scheme  |i book  |m 0027434